000 00972nam a2200277 i 4500
001 bg
003 BPK
005 20200428092858.0
008 960606s1994 pl a f |001 0 pol
020 _a8301114509
040 _cBPK
080 _a591.3
080 _a576.3
245 0 0 _aUltrastruktura i funkcja komórki.
_nT. 6,
_pOogeneza /
_c[Zofia Bielańska-Osuchowska et al.] ; pod red. Szymona Bilińskiego [ et al.].
246 3 0 _aOogeneza
260 _aWarszawa :
_bWydaw. Naukowe PWN,
_c1994.
300 _b260 s. :
_bfot., rys., wykr. ;
_c24 cm.
504 _aBibliogr. s. 241-247.
650 4 _aOogeneza
_xzoologia.
650 4 _aKomórka (biologia)
700 1 _aBielańska-Osuchowska, Zofia
_d(1919- ).
710 2 _aWydawnictwo Naukowe PWN
_4pbl.
700 1 _aBiliński, Szymon
_eRedakcja
856 _uhttp://koha.tu.koszalin.pl/cgi-bin/koha/opac-detail.pl?biblionumber=33767
_yKatalog online BPK
942 _cKS
_2UKD
999 _c33767
_d33767